Petals to Thorns - d4vd - Statistics

General Stats
  • This quiz has been taken 5 times
  • The average score is 6 of 9
Answer Stats
Songs Plays Artists % Correct
Here With Me 1,653,444,448 d4vd
100%
Backstreet Girl 25,641,510 d4vd
75%
Romantic Homicide 1,760,962,749 d4vd
75%
Sleep Well 286,975,936 d4vd
75%
The Bridge 19,498,270 d4vd
75%
This Is How It Feels 95,467,470 d4vd, Laufey
75%
Don't Forget About Me 32,185,571 d4vd
50%
WORTHLESS 69,624,366 d4vd
50%
You and I 179,193,826 d4vd
50%
No matching quizzes found
Score Distribution
Percent of People with Each Score
Percentile by Number Answered
Your Score History
You have not taken this quiz